| 000 | 00767nam a2200205 i 4500 | ||
|---|---|---|---|
| 001 | 180631 | ||
| 003 | ES-MaACL | ||
| 005 | 20230906221141.0 | ||
| 008 | 120619s1976 sp |||| | spa d | ||
| 080 | _a575.224(043.2) | ||
| 100 | 1 |
_aJofre Torroella, Juan. _9150646 |
|
| 245 | 1 | 4 |
_aLas mutantes auxotróficas para prolina de citrobacter intermedium C3 / _cpor Juan Jofre Torroella. |
| 260 |
_aBarcelona : _bUniversidad, Secretariado de Publicaciones, Intercambio Cientifico y Extensión Universitaria, _c1976. |
||
| 300 |
_a19 p. ; _c24 cm. |
||
| 502 | _aTesis-Universidad Barcelona (Extracto) | ||
| 504 | _aBibliografia: p. 18-19. | ||
| 650 | 4 |
_aMutación (Biología) _9150647 |
|
| 710 | 2 |
_aUniversidad de Barcelona. _97141 |
|
| 852 |
_aES-MaACL _jE-15362(170) |
||
| 999 |
_c180631 _d180631 |
||